01091 2200349 4500035002000000001002100020005001700041006001900058007000300077008004100080856006000121020002300181040002000204082001900224084001700243090002300260100003000283245009800313250001500411264004000426300004000466336002400506337003300530338002600563500001200589504003400601650001600635700003400651850001300685999002000698999002300718 a0010-0122001508INLIS00000000080486720190704145921.0aa e | 001 0 ta190214s2018 jkia e | 001 0 ind  y http://opac.perpusnas.go.id/DetailOpac.aspx?id=1072178 a 978-602-1279-72-4 a JKPNPNA b ind042 [23]a 612.6  a 612.6 DES f a CB-D.09 2018-16010 a Desiyani Nani e penulis10a Fisiologi manusia: b siklus reproduksi wanita/ c Desiyani Nani; penyunting, Atiatul Mu'min a Cetakan 1 1a Jakarta: b Penebar Plus+, c 2018 a 124 halamn: b Ilustrasi, c 20 cm 2 rdacontenta teks  2 rdamediaa tanpa perantara  2 rdacarriera volume  a Indeks a Bibliografi: halaman 116-117 4a Reproduksi0 a Atiatul Mu'min e penyunting a JKPNPNA a 1601/DM/D/2017 a 1601/DM/D/2017(2)